Générique Les Aventures des Pocket Dragons - Paroles - Statistiques

Statistiques générales
  • Ce quiz a été pris 2 fois
  • Le résultat moyen est 16 sur 34
Statistiques - réponses
Paroles % Correct
Et un sacré savoir-{faire}
100%
Pocket Dragons, attention nous {voilà}
100%
Pocket Dragons nous {voilà}
100%
Pocket Dragons, Pocket {Dragons}
100%
Avec nos tours de {magie}
50%
Et pour passer à l'{action}
50%
Filbert qui a toujours {raison}
50%
Il y a toujours une {aventure}
50%
Mais on a bien du {courage}
50%
Mais on a plein d'{énergie}
50%
Mais qui va pas bien {loin}
50%
Même si c'est pas toujours {facile}
50%
Même si on n'arrive qu'à ses {pieds}
50%
On est vraiment tout {petit}
50%
On fait face aux {chevaliers}
50%
Pensatout et ses plans {rigolos}
50%
Pocket Dragons, attention nous {voilà}
50%
Pocket Dragons, attention nous {voilà}
50%
Pocket Dragons, nous {voilà}
50%
Pour dérober tout les {gâteaux}
50%
Pour élucider les {mystères}
50%
Quand on est grand comme {trois} myrtilles
50%
Qui donnent parfois quelques {frissons}
50%
Qui marche pas toujours très {bien}
50%
Rien ne peut nous {arrêter}
50%
Sauf peut être une {pâtisserie}
50%
Scribouille et ses {inventions}
50%
Zoom-Zoom qui veut s'{envoler}
50%
Et nos histoires {déménagent}
0%
Il y a Pocki et {Polochon}
0%
On continue pour l'{occasion}
0%
On fabrique de drôle d'{engins}
0%
Qui vous laisse {abasourdis}
0%
Un mystère à {découvrir}
0%
Aucun quiz correspondant
Distribution des résultats
% des personnes avec chaque résultat
Percentile par nombre de réponses
Votre historique - résultats
Vous n’avez pas pris ce quiz